000 00336nam a22001457a 4500
003 SGT
020 _a978-93-5532-108-4
082 _a660
_bMCC
100 _aMCCABE, WANEN L.
245 _aUNIT OPERATIONS OF CHEMICAL ENGINEERING
260 _aUSA
_bMC GRAW HILL
_c2022
300 _a1140
650 _aCHEMICAL ENG.
942 _2ddc
_cBK
999 _c33097
_d33097